Cuadernos del Instituto de Investigaciones Jurídicas: Sistemas Electorales /

Textos presentados en un coloquio sobre derecho electoral comparado: La Teoría de los Partidos Políticos; Anotaciones sobre el Sistema Electoral Brasileño; Informe sobre Legislación Electoral Venezolana; Las Elecciones en Colombia: Análisis Jurídico-Político; La Representación Proporcional y las Ele...

Descrizione completa

Salvato in:
Dettagli Bibliografici
Ente Autore: UNAM. Instituto de Investigaciones Jurídicas
Natura: Libro
Lingua:spagnolo
Pubblicazione: México : UNAM, 1988
Soggetti:
Tags: Aggiungi Tag
Nessun Tag, puoi essere il primo ad aggiungerne!!

MARC

LEADER 00000nam^a2200000^a^4500
001 000026114
005 20250521000000.0
009 20260310084717.764
022 |a 0187-0203 
037 |a Acervo ITESO - Biblioteca 
041 |a ESP 
082 |a 342. 07  |b INS V. 8 
110 |a UNAM.  |b Instituto de Investigaciones Jurídicas 
245 1 0 |a Cuadernos del Instituto de Investigaciones Jurídicas: Sistemas Electorales /  |c IIJ. 
264 1 |a México :  |b UNAM,  |c 1988 
300 |a 570 p. 
336 |a texto  |b txt  |2 rdacontenido 
337 |a sin mediación  |b n  |2 rdamedio 
338 |a volumen  |b nc  |2 rdasoporte 
520 |a Textos presentados en un coloquio sobre derecho electoral comparado: La Teoría de los Partidos Políticos; Anotaciones sobre el Sistema Electoral Brasileño; Informe sobre Legislación Electoral Venezolana; Las Elecciones en Colombia: Análisis Jurídico-Político; La Representación Proporcional y las Elecciones Legislativas de 16 de Marzo de 1986 en Francia; Los Sistemas Electorales en la República de Argentina; El Sistema Electoral Mexicano. Incluye, además el Código Federal Electoral de México y una bibliografía sobre sistemas electorales. 
649 |a XX 
650 |a Derecho Político -  |z Latinoamérica 
650 |a Derecho Electoral -  |z Latinoamérica 
910 |a Fondo General 
920 |a Impresos - Libros 
930 |a Colección General 
905 |a 101 
901 |a 0261140100  |b IT1  |c ACC  |i 026114  |u 20250521 
902 |a https://opac.biblio.iteso.mx/vufind/Record/000026114